2022 FIFA World Cup Group C - Argentina - Mexico - Statistics

General Stats
  • This quiz has been taken 169 times
  • The average score is 19 of 33
Answer Stats
Player % Correct
Lionel Messi ¹
100%
Emiliano Martínez
97%
Lautaro Martínez
97%
Lisandro Martínez
94%
Ángel Di María
91%
Julián Álvarez
83%
Guillermo Ochoa
81%
Kevin Álvarez
81%
Enzo Fernández ¹
79%
Nicolás Otamendi
78%
Rodrigo De Paul
74%
Alexis Mac Allister
67%
Marcos Acuña
67%
Nahuel Molina
63%
Hirving Lozano
60%
Cristian Romero
58%
Lionel Scaloni
55%
Raúl Jiménez
54%
Héctor Herrera
50%
Gonzalo Montiel
48%
Andrés Guardado
46%
Guido Rodríguez
43%
Gerardo Martino
41%
Alexis Vega
39%
César Montes
38%
Héctor Moreno
36%
Luis Chávez
36%
Jesús Gallardo
32%
Érick Gutiérrez
31%
Exequiel Palacios
26%
Néstor Araujo
26%
Uriel Antuna
22%
Roberto Alvarado
17%
No matching quizzes found
Score Distribution
Percent of People with Each Score
Percentile by Number Answered
Your Score History
You have not taken this quiz